State | Answer | % Correct |
---|---|---|
Florida | Daytona International Speedway | 99%
|
Florida | Daytona International Speedway | 99%
|
*Kansas | Kansas Speedway | 96%
|
Kansas | Kansas Speedway | 96%
|
Nevada | Las Vegas Motor Speedway | 96%
|
•Nevada | Las Vegas Motor Speedway | 96%
|
*Texas | Texas Motor Speedway | 96%
|
Texas | Texas Motor Speedway | 96%
|
Arizona | ISM Raceway | 95%
|
*Arizona | ISM Raceway | 95%
|
Michigan | Michigan International Raceway | 95%
|
Michigan | Michigan International Raceway | 95%
|
Georgia | Atlanta Motor Speedway | 92%
|
*Deleware | Dover International Speedway | 92%
|
Deleware | Dover International Speedway | 92%
|
*Florida | Homestead-Miami Speedway | 92%
|
*Alabama | Talladega Superspeedway | 92%
|
Alabama | Talladega Superspeedway | 92%
|
Tennessee | Bristol Motor Speedway | 91%
|
Tennessee | Bristol Motor Speedway | 91%
|
*North Carolina | Charlotte Motor Speedway | 91%
|
North Carolina | Charlotte Motor Speedway | 91%
|
California | Auto Club Speedway | 90%
|
Pennsylvania | Pocono Raceway | 90%
|
Pennsylvania | Pocono Raceway | 90%
|
Kentucky | Kentucky Speedway | 89%
|
*Virginia | Martinsville Speedway | 85%
|
Virginia | Martinsville Speedway | 85%
|
California | Sonoma Raceway | 85%
|
Illinois | Chicagoland Speedway | 84%
|
Indiana | Indianapolis Motor Speedway | 84%
|
New Hampshire | New Hampshire Motor Speedway | 84%
|
New York | Watkins Glen International | 84%
|
*Virginia | Richmond Raceway | 83%
|
Virginia | Richmond Raceway | 83%
|
South Carolina | Darlington Raceway | 74%
|
Copyright H Brothers Inc, 2008–2024
Contact Us | Go To Top | View Mobile Site